| 000 | 01165nam2a22002291 4500 | ||
|---|---|---|---|
| 001 | v19\rc\2051345 | ||
| 005 | 20250620022320.0 | ||
| 035 | _a(NLR Aleph) 005129921 | ||
| 090 |
_a4698837 _c4698837 |
||
| 100 | _a20081111d1912 |||y0rusy50 ca | ||
| 101 | 0 | _arus | |
| 102 | _aRU | ||
| 105 | _ay z ||||| | ||
| 200 | 0 | _aна весеннее полугодие 1912 года | |
| 210 |
_d1912 _aБ. м. |
||
| 215 | _a15 с. | ||
| 461 | 0 |
_1001v19\rc\2051339 _12001#$aОбозрение преподавания...$fИсторико-филол. факультет Высших женских курсов в г. Киеве$vна весеннее полугодие 1912 года _94698785 _aКиевские высшие женские курсы. Историко-филологический факультет _cКиев _d1907-1917 _fИсторико-филол. факультет Высших женских курсов в г. Киеве _tОбозрение преподавания... _vна весеннее полугодие 1912 года |
|
| 801 | 0 |
_aRU _bNLR _gpsbo |
|
| 801 | 1 |
_aRU _bProSoft-M _2rusmarc |
|
| 852 |
_aNLR _j34.52.7.372(5) |
||
| 942 | _cBOOK | ||
| 980 | _aNB | ||